书目信息 |
| 题名: |
连续媒质电动力学
|
|
| 作者: | 栗弗席兹 , 朗道 著 ;周奇 译 | |
| 分册: | 上册 | |
| 出版信息: | 北京 人民教育出版社 1963 |
|
| 页数: | 292页 | |
| 开本: | 19cm | |
| 丛书名: | ||
| 单 册: | ||
| 中图分类: | O33 | |
| 科图分类: | ||
| 主题词: | 连续介质-电动力学 , 连续介质力学 , 电动力学-连续介质 | |
| 电子资源: | ||
| ISBN: | ||
| 000 | 00789nam0 2200265 45 | |
| 001 | 0179000831 | |
| 005 | 20060816144442.60 | |
| 010 | @dCNY0.72 | |
| 091 | @a13012.0311 | |
| 100 | @a19950726e19791963em y0chiy0121 ea | |
| 101 | 1 | @achi@crus |
| 102 | @aCN@b110000 | |
| 105 | @ay z 000yy | |
| 200 | 10 | @a连续媒质电动力学@h上册@Alian xu mei zhi dian dong li xue@f(苏)朗道(Л.Д.Ландау),(苏)栗弗席兹(Е.М.Лифшиц)著@g周奇译 |
| 210 | @a北京@c人民教育出版社@d1963@h1979重印 | |
| 215 | @a292页@d19cm | |
| 606 | @a连续介质-电动力学 | |
| 606 | 0 | @a连续介质力学 |
| 606 | @a电动力学-连续介质 | |
| 690 | @aO33@v3 | |
| 701 | 1 | @a栗弗席兹@Ali fu xi zi@bЕ.М.@4著 |
| 701 | 1 | @a朗道@bЛ.Д.@4著 |
| 702 | 0 | @a周奇@Azhou qi@4译 |
| 801 | 0 | @aCN@bNLC@c20060816 |
| 905 | @dO33@e14:1 | |
| 连续媒质电动力学.上册/(苏)朗道(Л.Д.Ландау),(苏)栗弗席兹(Е.М.Лифшиц)著/周奇译.-北京:人民教育出版社,1963(1979重印) |
| 292页;19cm |
| ISBN :CNY0.72 |
| ● |
| 相关链接 |
|
|
|
|
正题名:连续媒质电动力学
索取号:O33/14:1
 
预约/预借
| 序号 | 登录号 | 条形码 | 馆藏地/架位号 | 状态 | 备注 |
| 1 | 0057107 | 202371067 | 密集书库/ [索取号:O33/14:1] | 在馆 | |
| 2 | 0057108 | 202371076 | 密集书库/ [索取号:O33/14:1] | 在馆 | |
| 3 | 0057109 | 202371101 | 密集书库/ [索取号:O33/14:1] | 在馆 | |
| 4 | 0146109 | 202371110 | 密集书库/ [索取号:O33/14:1] | 在馆 | |
| 5 | 0146110 | 000384854 | 第三借阅区/ [索取号:O33/14:1] | 在馆 | |
| 6 | 0146111 | 000384863 | 第三借阅区/ [索取号:O33/14:1] | 在馆 | |
| 7 | 0146112 | 000384881 | 密集书库/ [索取号:O33/14:1] | 在馆 | |
| 8 | 0146113 | 202098121 | 第二样本阅览室/ [索取号:O33/14:1] | 在馆 | |
| 9 | 0431565 | 204315650 | 密集书库/ [索取号:O33/14:1] | 在馆 | |
| 10 | 0433959 | 204339590 | 密集书库/ [索取号:O33/14:1] | 在馆 | |
| 11 | 0461452 | 204614523 | 密集书库/ [索取号:O33/14:1] | 在馆 | |
| 12 | 0461453 | 204614532 | 密集书库/ [索取号:O33/14:1] | 在馆 | |
| 13 | 0461884 | 204618841 | 密集书库/ [索取号:O33/14:1] | 在馆 |